| 000 | 01825cam a22003011i 4500 | ||
|---|---|---|---|
| 003 | SA-RiAUC | ||
| 005 | 20250710134220.0 | ||
| 008 | 250710s2001 su g b i10010 ara c | ||
| 020 | _a9960853446 | ||
| 040 |
_aAE-DuCSA _bara _cSA-RiAUC. _erda |
||
| 082 | 0 | 4 |
_a214.323 _qSA-RiAUC |
| 090 |
_a214.323 _bن د و |
||
| 111 | 2 |
_aندوة حقوق الإنسان بين الشريعة الإسلامية والقانون الوضعي _d( 1422 هجري : _cالرياض) |
|
| 245 | 1 | 0 |
_aأعمال الندوة العلمية حول حقوق الإنسان بين الشريعة الإسلامية والقانون الوضعي / _cمركز الدراسات والبحوث، قسم الندوات واللقاءات العلمية، أكاديمية نايف العربية للعلوم الأمنية. |
| 250 | _aالطبعة الأولى. | ||
| 264 | 1 |
_aالرياض : _bأكاديمية نائف العربية للعلوم الأمنية، قسم الندوات واللقاءات العلمية، مركز الدراسات والبحوث، _c2001 |
|
| 300 |
_a2 مج ؛ _c24 سم. |
||
| 336 |
_aنص _btxt _2rdacontent _3كتاب |
||
| 337 |
_aبدون وسيط _bn _2rdamedia |
||
| 338 |
_aمجلد _bnc _2rdacarrier |
||
| 490 | 0 |
_aإصدارات مركز البحوث والدراسات ؛ _v264 |
|
| 504 | _aيشتمل على إرجاعات ببليوجرافية. | ||
| 650 | 7 |
_aالإسلام وحقوق الإنسان _vمؤتمرات _2aucsh |
|
| 650 | 7 |
_aحقوق الإنسان _xقوانين وتشريعات _vمؤتمرات _2aucsh |
|
| 710 | 2 |
_aأكاديمية نايف العربية للعلوم الأمنية (الرياض). _bقسم الندوات واللقاءات العلمية. _bمركز الدراسات والبحوث _eمنظم. |
|
| 942 |
_2ddc _cBOOK _n0 |
||
| 949 |
_aSA-JeALM _d250710 _uosman123 _n1 |
||
| 999 |
_c9740 _d9740 |
||